|
|
|
|
| LEADER |
00000nam0a2200000 4500 |
| 001 |
155871 |
| 005 |
20231031152823.0 |
| 010 |
|
|
|a 5110039623
|
| 020 |
|
|
|a RU
|b 92-2924
|
| 035 |
|
|
|a (RuTPU)RU\TPU\book\169058
|
| 090 |
|
|
|a 155871
|
| 100 |
|
|
|a 20090319d1991 k y0rusy5003 ca
|
| 101 |
0 |
|
|a rus
|
| 102 |
|
|
|a UA
|
| 105 |
|
|
|a y z 001zy
|
| 200 |
1 |
|
|a Асимптотический метод в микромеханике композиционных материалов
|f Л. И. Маневич, А. В. Павленко
|
| 210 |
|
|
|a Киев
|c Высшая школа
|d 1991
|
| 215 |
|
|
|a 131 с.
|c ил.
|
| 320 |
|
|
|a Библиогр.: с. 129-131.
|
| 610 |
1 |
|
|a композиционные материалы
|
| 610 |
1 |
|
|a микромеханика
|
| 610 |
1 |
|
|a асимптотический метод
|
| 610 |
1 |
|
|a уравнения
|
| 610 |
1 |
|
|a нагрузки
|
| 610 |
1 |
|
|a пространственные задачи
|
| 610 |
1 |
|
|a адгезионная прочность
|
| 675 |
|
|
|a 620.22-419.8:620.1
|v 3
|
| 700 |
|
1 |
|a Маневич
|b Л. И.
|g Леонид Исакович
|4 070
|
| 701 |
|
1 |
|a Павленко
|b А. В.
|g Анатолий Васильевич
|4 070
|
| 801 |
|
0 |
|a RU
|b RuMRKP
|c 19950417
|g psbo
|
| 801 |
|
1 |
|a RU
|b 63413507
|c 20090319
|g PSBO
|
| 801 |
|
2 |
|a RU
|b 63413507
|c 20180802
|g PSBO
|
| 942 |
|
|
|c BK
|